Регионална библиотека "Любен Каравелов" - Русе

Непозволени игри (Запис номер 150342)

MARC детайли
000 -Лидер
Контролно поле с фиксирана дължина 01480nam a2200373 c 4500
003 - Код на организацията, давaща контролен номер
Контролно поле BLK
005 - Дата и час на последна редакция
Контролно поле 20250724101947.0
008 - Елементи от данни с фиксирана дължина
fixed length control field 180410b bul|||||r ||||||| ||bul||
010 ## - Наследен системен номер
LC control number KNG00156664000
020 ## - Международен стандартен номер на книга ISBN
Международен стандартен номер на книга ISBN 978-954-655-452-9
040 ## - Източник на каталожния запис
Идентификатор на билиотеката - собственик на записа BLK
041 ## - Код за език
Код за езика на текст/звукозапис или на отделно заглавие Български
Код за езика КДБФ Български
072 #7 - Код за тематичната категория
Код организация bullib
Код за тематична категория Н83
Текст Чужда художествена литература Н
080 ## - УДК
Текстов определител УДК Английска литература
УДК код - определител по УДК 821.111
УДК определител -31
УДК - код + определител 821.111-31
100 1# - Редна дума - Автор
Автор Бредфорд, Барбара Тейлър
Авторска отговорност първи автор
R(LIN) 43155
139 ## - Редно поле
Редна дума Бредфорд, Барбара Тейлър
Авторски знак Бре - Б 80
245 10 - Сведения за заглавието
Заглавие Непозволени игри
Подзаглавни данни Роман
Редно поле (дума) Барбара Тейлър Бредфорд; прев. Анета Макариева-Лесева.
257 ## - Страна на издаване
Страна на създаване/издаване Великобритания
260 ## - Област на издателските данни
Име на издателя, разпространителя и проч. Бард
Година на издаване 2014
Печатница Хасково : Полиграфюг
300 ## - Физическа характеристика
Страници 384 с.
Размери/Мащаб 21 см
380 ## - Жанр
Жанр Худож. лит.
490 ## - СЕРИИ (Колекции)
9 (RLIN) 485897
Име на серия Ема Харт
№: серия Кн. 7
500 ## - Общи забележки
Забележка Ориг. загл. Breaking the Rules / Barbara Taylor Bradford.
653 ## - Ключова дума – ненормативна
Ключова дума романи
659 ## - Тематичен бюлетин
Тематичен бюлетин Н
700 1# - Други автори (авторска отговорност)
Лично име Макариева-Лесева, Анета Божидарова
Автороска отговорност (Описва отношението между автора и произведението) прев.
9 (RLIN) 91026
852 ## - Местоположение
Форматна сигнатура Цб 268118
856 4# - Електронен адрес и достъп
Електронен формат pdf - файл
Инструкция (цена за достъп) 0.00
Права за достъп disable
856 4# - Електронен адрес и достъп
Електронен формат pdf - файл
Инструкция (цена за достъп) 0.00
Права за достъп disable
999 ## - СИСТЕМНИ КОНТРОЛНИ НОМЕРА
Koha biblionumber 150342
Koha biblioitemnumber 150342
942 ## - АРТИКУЛИ
Вид на библиотечния материал Книги
Скрит в OPAC Не
Koha issues (borrowed), all copies 138
Периодичен библиозапис Да
944 ## - СЪЗДАВАНЕ И РЕДАКЦИЯ на ЗАПИСА
Създаване/Редакция Създаване
Дата на регистрацията/редакция 14.02.2014
Статус, дата на статуса Цветелина Шанова
Служител, извършил регистрацията/редакцията 30531
944 ## - СЪЗДАВАНЕ И РЕДАКЦИЯ на ЗАПИСА
Създаване/Редакция Редакция
Дата на регистрацията/редакция 04.01.2018
Статус, дата на статуса ф /
Служител, извършил регистрацията/редакцията Людмила_Стоянова
999 ## - СИСТЕМНИ КОНТРОЛНИ НОМЕРА
Koha biblioitemnumber 150342
Наличности
Код за отписване Код за изгубен артикул Източник на класификационната схема Код за повреда Коз за рестрикции Код за отдаване Артикулен № Име на библиотеката - собственик Име на библиотеката, в която се намира в момента Статус (Текущо местоположение) Дата на вписване в системата Местоположение - отдел Цена в лева Инвентарен номер Систематично азбучна сигнатура Баркод Номер на екземпляра Цена в евро Служебна бележка Служебен тип на артикула
  Не е изгубен Universal Decimal Classification Не е повреден без рестрикции заемане за дома 251346 Регионална библиотека "Любен Каравелов" Русе Регионална библиотека "Любен Каравелов" Русе Заемна - подръчен фонд 2014-02-14 Заемна - подръчен фонд 15.99 120000774639 П 820-31/Б 80 120000774639 1 8.18 Дост: Pk Вид: Ф N: 386 Дата: 12.02.2014 Дата инв: 19.02.2018 Бележки инв: П2018 Книги
  Не е изгубен   Не е повреден без рестрикции ползва се в читалня 251347 Регионална библиотека "Любен Каравелов" Русе Регионална библиотека "Любен Каравелов" Русе Хранилище 2015-03-06 Хранилище 15.99 120000786107 Цб 268118 120000786107 2 8.18 Дост: Dp Вид: Д N: 29 Дата: 24.06.2014 Книги
  Не е изгубен Universal Decimal Classification Не е повреден без рестрикции заемане за дома 251348 Регионална библиотека "Любен Каравелов" Русе Регионална библиотека "Любен Каравелов" Русе Заемна - подръчен фонд 2017-12-15 Заемна - подръчен фонд 5.00 120000818147 П 820-31/Б 80 120000818147 3 2.56 Дост: Pk Вид: Ф N: 498 Дата: 15.12.2017 Дата инв: 10.03.2018 Бележки инв: П2018 Книги
  Не е изгубен Universal Decimal Classification Не е повреден без рестрикции заемане за дома 688014 Регионална библиотека "Любен Каравелов" Русе Регионална библиотека "Любен Каравелов" Русе Заемна - подръчен фонд 2019-01-02 Заемна - подръчен фонд 5.00   П 820-31/Б 80 120000828906   2.56   Книги
Vip Innovations Ltd, Rousse, Bulgaria 2025